飛び地のあるナンバープレート - Statistics

General Stats
  • This quiz has been taken 74 times
    72 since last reset
  • The average score is 5 of 9
Answer Stats
Answer % Correct
宮城
83%
石川
66%
三重
66%
香川
66%
福島
59%
島根
53%
室蘭
50%
習志野
43%
尾張小牧
38%
No matching quizzes found
Score Distribution
Percent of People with Each Score
Percentile by Number Answered
Your Score History
You have not taken this quiz since the last reset